书目信息 |
| 题名: |
公路工程CAD
|
|
| 作者: | 郑益民 主编 | |
| 分册: | ||
| 出版信息: | 北京 清华大学出版社 2010.05 |
|
| 页数: | 351页 | |
| 开本: | 23cm | |
| 丛书名: | ||
| 单 册: | ||
| 中图分类: | U412.6 | |
| 科图分类: | ||
| 主题词: | 道路工程--dao lu gong cheng--计算机辅助设计 | |
| 电子资源: | ||
| ISBN: | 978-7-5121-0106-7 | |
| 000 | 01061nam0 2200229 450 | |
| 001 | 01CN05277831@CSLN | |
| 005 | 20101113164214.15 | |
| 010 | @a978-7-5121-0106-7@dCNY33.00 | |
| 100 | @a20101129d2010 em y0chiy50 ea | |
| 101 | 0 | @achi |
| 102 | @aCN@b110000 | |
| 105 | @aa a 000yy | |
| 200 | 1 | @a公路工程CAD@Agong lu gong cheng cad@f郑益民主编 |
| 210 | @a北京@c清华大学出版社@c北京交通大学出版社@d2010.05 | |
| 215 | @a351页@c图@d23cm | |
| 320 | @a有书目 (第351页) | |
| 330 | @a本书五个部分:第一部分介绍公路CAD概念和基础知识,包括工程CAD系统的软硬件环境,软件工程基础知识和工程数据库的概念。第二部分介绍国际通用绘图软件AutoCAD 2006的二维绘图和编辑命令、文字标注、尺寸标注。第三部分介绍公路CAD系统结构与应用。第四部分介绍AutoCAD与Windows其它应用程序的数据交换和格式转换、AutoCAD的第三代开发工具Visual Basic for Application及公路CAD二次开发技术。第五部介绍国内外优秀道路CAD软件。 | |
| 606 | 0 | @a道路工程@Adao lu gong cheng@x计算机辅助设计 |
| 690 | @aU412.6@v4 | |
| 701 | 0 | @a郑益民@Azheng yi min@4主编 |
| 801 | 0 | @aCN@c20101129 |
| 905 | @dU412.6@eZ457-2 | |
| 公路工程CAD/郑益民主编.-北京:清华大学出版社:北京交通大学出版社,2010.05 |
| 351页:图;23cm |
| ISBN 978-7-5121-0106-7:CNY33.00 |
| 本书五个部分:第一部分介绍公路CAD概念和基础知识,包括工程CAD系统的软硬件环境,软件工程基础知识和工程数据库的概念。第二部分介绍国际通用绘图软件AutoCAD 2006的二维绘图和编辑命令、文字标注、尺寸标注。第三部分介绍公路CAD系统结构与应用。第四部分介绍AutoCAD与Windows其它应用程序的数据交换和格式转换、AutoCAD的第三代开发工具Visual Basic for Application及公路CAD二次开发技术。第五部介绍国内外优秀道路CAD软件。 |
| ● |
| 相关链接 |
|
|
|
正题名:公路工程CAD
索取号:U412.6/Z457-2
 
预约/预借
| 序号 | 登录号 | 条形码 | 馆藏地/架位号 | 状态 | 备注 |
| 1 | 1034105 | 210341058 | 自科库501/501自科库 51排6列1层/ [索取号:U412.6/Z457-2] | 在馆 | |
| 2 | 1034106 | 210341067 | 自科库501/501自科库 51排6列1层/ [索取号:U412.6/Z457-2] | 在馆 | |
| 3 | 1034107 | 210341076 | 自科库501/ [索取号:U412.6/Z457-2] | 在馆 |